| 000 | 00590nam a2200205 u 4500 | ||
|---|---|---|---|
| 005 | 20210223132138.0 | ||
| 008 | 130826s2008 ag r 000 0 spa d | ||
| 020 | _a9789872438715 | ||
| 035 | _aUPN01000192435 | ||
| 049 | _aCG | ||
| 050 | 4 |
_aPQ8519 Q5 _bA4.5a |
|
| 100 | 1 |
_aQuiroga, Horacio, _d1878-1937 _929892 |
|
| 245 | 1 | 3 |
_aEl almohadón de plumas y otros cuentos fatales / _cHoracio Quiroga. |
| 260 |
_aBuenos Aires : _bPictus, _cc2008. |
||
| 300 | _a80 p. | ||
| 440 | 0 |
_aLectosfera. _pMarfil ; _v101 |
|
| 650 | 4 |
_aCUENTOS URUGUAYOS _910233 |
|
| 905 | _aLibro | ||
| 999 |
_c164537 _d164537 |
||